1577 1893 1356 1384 1971 1368 1645 1109 1054 1265 1695 1021 1505 1988 1926 1419 1687 1429 1170 1624 1360 1102 1245 1695 1747 1577 1842 1789 1536 1937 1886 1964 1667 1616 1207 1978 1233 1572 1291 1777 1226 1480 1953 1414 1045 1950 1706 1504 1306 1209 1361 1080 1267 1071 1920 1597 1202 1213 1347 1643 1978 1325 1506 1056 1950 1326 1453 1904 1059 1279 1824 1124 1955 1179 1966 1695 1415 1627 1849 1735 1949 1108 1468 1121 1988 1507 1277 1837 1970 1534 1839 1878 1248 1175 1187 1896 1971 1537 1017 BCNSPRNW ULIB Ver.6.0+V

เปลี่ยนเป็นภาษาไทย

Change to English
 แสดงรายละเอียดบรรณานุกรม
  กลับหน้าหลัก

Brief Record : Get Marc (ISO 2709) : E-mail record : QR code < ปิดหน้าต่าง
LEADER : 00000nam 2200000uu 4500
001    13399114656
003     ULIB
008    120427s2551||||th 000 0 tha d
020    ^a9789741664856
090    ^aนว.^bป445z 2551
100 0  ^aปราณธร
245 00 ^aZombie Prince...รักลวงใจ
250    ^aพิมพ์ครั้งที่ 2
260    ^aกรุงเทพฯ :^bแจ่มใส,^c2551
300    ^a345 หน้า
710 1  ^aแจ่มใส
945    ^p209^l0^i15317
995    ^aกัณชพร
999    ^aใช้งานได้ทุกระบบ
รายการนี้ยังไม่มีแท็ก
คุณยังไม่ได้ล็อกอิน คุณสามารถมีกิจกรรมร่วมกับเว็บไซต์ได้ แต่ต้องล็อกอินก่อน ::
  ล็อกอิน

รายการสื่อสารสนเทศ

ลำดับที่ ประเภท เลขเรียก/บาร์โค้ด สถานที่ สถานะ
1. นวนิยาย
นวนิยาย
นว. ป445z 2551  
  Barcode: 15317
ห้องสมุดวิทยาเขตสวรรค์ประชารักษ์
►นวนิยาย
บนชั้น
  ขอยืม

รายการใกล้เคียง
    ผู้แต่ง [ปราณธร]

BibComment


ยังไม่เคยถูกคอมเมนท์

คอมเมนท์ทรัพยากรรายการนี้
  คอมเมนท์: Zombie Princeรัก..


 Copyright 2026. Bcnsprnw @Library